Pokédex de Hisui - Statistiques

Statistiques générales
  • Ce quiz a été pris 95 fois
  • Le résultat moyen est 199 sur 242
Statistiques - réponses
# Nom % Correct
3 Archéduc
98%
1 Brindibou
96%
9 Clamiral
96%
14 Étouraptor
96%
12 Étourmi
96%
13 Étourvol
96%
4 Héricendre
96%
6 Typhlosion
96%
5 Feurisson
95%
7 Moustillon
95%
235 Dialga
93%
182 Élekid
93%
183 Élektek
93%
10 Keunotor
93%
151 Arcanin
91%
150 Caninos
91%
49 Cerfrousse
91%
2 Efflèche
91%
184 Élekable
91%
202 Farfuret
91%
237 Giratina
91%
222 Gueriaigle
91%
15 Lixy
91%
16 Luxio
91%
17 Luxray
91%
154 Machoc
91%
155 Machopeur
91%
174 Magby
91%
175 Magmar
91%
8 Mateloutre
91%
199 Mélo
91%
201 Mélodelfe
91%
200 Mélofée
91%
61 Ouisticram
91%
236 Palkia
91%
55 Pichu
91%
56 Pikachu
91%
57 Raichu
91%
63 Simiabraz
91%
26 Aquali
89%
189 Carchacrok
89%
188 Carmache
89%
11 Castorno
89%
62 Chimpenfeu
89%
227 Créfadet
89%
226 Créfollet
89%
242 Darkrai
89%
138 Ectoplasma
89%
25 Évoli
89%
136 Fantominus
89%
203 Farfurex
89%
221 Furaiglon
89%
24 Galopa
89%
32 Givrali
89%
47 Gravalanch
89%
48 Grolem
89%
81 Léviator
89%
176 Maganon
89%
80 Magicarpe
89%
177 Magnéti
89%
178 Magnéton
89%
179 Magnézone
89%
240 Manaphy
89%
29 Mentali
89%
30 Noctali
89%
33 Nymphali
89%
239 Phione
89%
31 Phyllali
89%
163 Pingoléon
89%
23 Ponyta
89%
28 Pyroli
89%
46 Racaillou
89%
241 Shaymin
89%
137 Spectrum
89%
161 Tiplouf
89%
130 Tortipouss
89%
27 Voltali
89%
238 Arceus
88%
50 Cerbyllin
88%
18 Chenipotte
88%
225 Créhelf
88%
230 Cresselia
88%
204 Dimoret
88%
193 Électrode
88%
51 Goinfrex
88%
187 Griknot
88%
228 Heatran
88%
88 Leuphorie
88%
87 Leveinard
88%
86 Ptiravi
88%
120 Rhinocorne
88%
121 Rhinoféros
88%
52 Ronflex
88%
90 Rosélia
88%
91 Roserade
88%
112 Teddiursa
88%
159 Téraclope
88%
129 Togekiss
88%
127 Togepi
88%
113 Ursaring
88%
166 Bargantua
86%
131 Boskara
86%
66 Ceribou
86%
103 Gardevoir
86%
72 Insécateur
86%
102 Kirlia
86%
156 Mackogneur
86%
160 Noctunoir
86%
162 Prinplouf
86%
89 Rozbouton
86%
216 Séracrawl
86%
158 Skelénox
86%
139 Spiritomb
86%
101 Tarsal
86%
128 Togetic
86%
114 Ursaking
86%
192 Voltorbe
86%
19 Armulys
84%
21 Blindalys
84%
20 Charmillon
84%
44 Cheniselle
84%
43 Cheniti
84%
104 Gallame
84%
215 Grelaçon
84%
73 Hachécateur
84%
224 Lucario
84%
22 Papinox
84%
122 Rhinastoc
84%
223 Riolu
84%
132 Torterra
84%
58 Abra
82%
60 Alakazam
82%
152 Chaglam
82%
74 Cizayox
82%
233 Démétéros
82%
232 Fulguris
82%
108 Hippodocus
82%
107 Hippopotas
82%
59 Kadabra
82%
207 Momartik
82%
41 Mustébouée
82%
206 Oniglali
82%
229 Regigigas
82%
205 Stalgamin
82%
231 Boréas
80%
67 Ceriflor
80%
153 Chaffreux
80%
197 Feuforêve
80%
94 Fragilady
80%
198 Magirêve
80%
118 Onix
80%
144 Phogleur
80%
119 Steelix
80%
105 Yanma
80%
106 Yanmega
80%
234 Amovénus
79%
79 Capidextre
79%
78 Capumain
79%
93 Chlorobule
79%
213 Cochignon
79%
145 Kaimorse
79%
65 Lockpin
79%
173 Luminéon
79%
212 Marcacrin
79%
42 Mustéflott
79%
35 Nosferalto
79%
34 Nosferapti
79%
36 Nostenfer
79%
157 Pijako
79%
71 Apireine
77%
181 Archéodong
77%
180 Archéomire
77%
218 Blizzaroi
77%
217 Blizzi
77%
209 Charkos
77%
100 Coatox
77%
39 Crikzik
77%
210 Dinoclier
77%
172 Écayon
77%
64 Laporeille
77%
214 Mammochon
77%
40 Mélokrik
77%
143 Obalie
77%
45 Papilord
77%
190 Tarinor
77%
191 Tarinorme
77%
220 Zoroark
77%
219 Zorua
77%
70 Apitrini
75%
99 Cradopaud
75%
115 Mucuscule
75%
167 Paragruel
75%
164 Babimanta
73%
211 Bastiodon
73%
165 Démanta
73%
208 Kranidos
73%
123 Manzaï
73%
117 Muplodocus
73%
124 Simularbre
73%
37 Baudrive
71%
116 Colimucus
71%
141 Corboss
71%
140 Cornèbre
71%
196 Éoko
71%
169 Feunard
71%
168 Goupix
71%
38 Grodrive
71%
125 Excelangue
70%
195 Korillon
70%
77 M. Mime
70%
133 Porygon
70%
134 Porygon2
70%
135 Porygon-Z
70%
82 Sancoki
70%
185 Scorplane
70%
186 Scorvol
70%
83 Tritosor
70%
69 Akwakwak
68%
96 Bouldeneu
68%
126 Coudlangue
68%
149 Drascore
68%
76 Mime Jr.
68%
111 Moufflair
68%
110 Moufouette
68%
68 Psykokwak
68%
84 Qwilfish
68%
148 Rapion
68%
95 Saquedeneu
68%
85 Qwilpik
66%
146 Rémoraid
66%
92 Vortente
66%
142 Zarbi
66%
194 Motisma
64%
147 Octillery
64%
109 Pachirisu
63%
170 Tentacool
63%
171 Tentacruel
63%
98 Barbicha
61%
97 Barloche
61%
75 Scarhino
61%
53 Paras
59%
54 Parasect
59%
Aucun quiz correspondant
Distribution des résultats
% des personnes avec chaque résultat
Percentile par nombre de réponses
Votre historique - résultats
Vous n’avez pas pris ce quiz